000 01957cam a2200505 a 4500
999 _c1670
_d1670
001 015190522
003 UkOxU
005 20210629101305.0
008 010828s2002 nyua 001 0 eng d
015 _aGB A1-X0029
020 _a0471408263 (pbk.)
020 _a0471408255 (hbk.)
020 _a0471226289 (Student learning guide)
020 _a0471441945 (Student study guide)
035 _aBNB2656.1349
040 _aBDS
_cALUPE UNIVERSITY
050 _aQA303
_b.C155 2002
082 0 _a515
_221
245 0 0 _aCalculus /
_cproduced by the Calculus Consortium ... ; Deborah Hughes-Hallett ... [et al.] ; co-ordinated by Elliot J. Marks.
246 1 4 _aSingle variable calculus
246 1 8 _aCalculus : single variable
250 _a3rd ed.
260 _aNew York, NY ;
_aChichester :
_bWiley,
_cc2002.
300 _axvi, 623 p. :
_bill. (some col.) ;
_c27 cm.
500 _aPrevious ed.: 1998.
500 _aCover title: Single variable calculus.
500 _aSpine title: Calculus : single variable.
500 _aFormulae on end papers.
500 _aIncludes index.
500 _aAccompanied by Student study guide to accompany Calculus : single variable. 3rd ed. / prepared by Beverly K. Michael, Peg Kem McPartland.
500 _aAccompanied by eGrade v1.5 : student learning guide.
650 0 _aCalculus.
700 1 _aHughes-Hallett, Deborah.
700 1 _aMichael, Beverly K.
700 1 _aMcPartland, Peg Kem.
710 2 _aCalculus Consortium for Higher Education.
740 0 _aStudent study guide to accompany Calculus : single variable. 3rd ed.
740 0 _aeGrade v1.5 : student learning guide.
942 _2lcc
_cBK
_nSO